Quick Pick: Literary Questions Quiz Stats

 Plays Quiz Updated Aug 11, 2016

Challenge
Share
Tweet
Embed
Score 0/15 Timer 01:30
0 Plays Today
% Correct
You
94.6%
They
94.1%
Nipples
93.8%
Woolf
92.6%
Margaret
91.9%
Rabbit
89.7%
Mother
87.5%
Her
86.1%
% Correct
Pits
85.5%
Friend
85%
Sheep
84.1%
Witch
82.7%
Cheese
74.5%
Body
65.7%
Evans
46.5%

Today's Daily Dose

You're not logged in!

Compare scores with friends on all Sporcle quizzes.
Join for Free
OR
Log In

You Might Also Like...

Show Comments

Extras

Top Quizzes Today


Score Distribution

Your Account Isn't Verified!

In order to create a playlist on Sporcle, you need to verify the email address you used during registration. Go to your Sporcle Settings to finish the process.

Report this User

Report this user for behavior that violates our Community Guidelines.

Details: